00643nab a2200193 uc450000100070000000500170000700800410002403500110006503500210007604000130009704100080011010000360011824500220015465000560017665000330023265000320026565000270029777301250032475753420240201170433.0020626s1997 spa  a757534 a(OCoLC)819977300 ccomduadb aspa10aColorado, Maria Pilar4auteaut10aA ganar el empleo aONCE (Organización Nacional de Ciegos - España) aDiscapacitados en el trabajo aTrabajadores discapacitados aGeneración de empleo0 tPerfiles : Revista General de Política Social (España)gNo. 128, May.-Jun. 1997, p. 18-20w757037x1133-70360246783